UBT Library

Electron microscopic cytochemistry and immunocytochemistry in biomedicine / (Record no. 40442)

000 -LEADER
fixed length control field 00727pam a2200241 a 4500
001 - CONTROL NUMBER
control field 2503290
005 - DATE AND TIME OF LATEST TRANSACTION
control field 20180118043744.0
008 - FIXED-LENGTH DATA ELEMENTS--GENERAL INFORMATION
fixed length control field 920224s1993 flua b 001 0 eng c
010 ## - LIBRARY OF CONGRESS CONTROL NUMBER
LC control number 92009241
020 ## - INTERNATIONAL STANDARD BOOK NUMBER
International Standard Book Number 0849360129 (acidfree paper)
040 ## - CATALOGING SOURCE
Original cataloging agency NDLM/CDLC
Transcribing agency DLC
Modifying agency DLC
041 ## - LANGUAGE CODE
Language code of text/sound track or separate title eng
060 ## - NATIONAL LIBRARY OF MEDICINE CALL NUMBER
Classification number QS 531 E38
080 ## - UNIVERSAL DECIMAL CLASSIFICATION NUMBER
Universal Decimal Classification number 611..0181 OGA
082 00 - DEWEY DECIMAL CLASSIFICATION NUMBER
Classification number 611..0181 OGA
Edition number 20
100 ## - Rafti
Rafti 5
101 ## - Shkurtesa
Shkurtesa BIO
245 00 - TITLE STATEMENT
Title Electron microscopic cytochemistry and immunocytochemistry in biomedicine /
Statement of responsibility, etc edited by Kazuo Ogawa, Tibor Barka.
504 ## - BIBLIOGRAPHY, ETC. NOTE
Bibliography, etc Includes bibliographical references and index.
906 ## - LOCAL DATA ELEMENT F, LDF (RLIN)
a 7
b cbc
c orignew
d 1
e ocip
f 19
g y-gencatlg
942 ## - ADDED ENTRY ELEMENTS (KOHA)
Source of classification or shelving scheme
Item type Books
Holdings
Withdrawn status Lost status Source of classification or shelving scheme Damaged status Not for loan Collection code Permanent location Current location Shelving location Date acquired Total Checkouts Full call number Barcode Date last seen Price effective from Koha item type
          Koleksioni i përgjithshem UBT - Lipjan UBT - Lipjan Koleksioni i përgjithshem 01/18/2018   611..0181 OGA 002-2995754 01/18/2018 01/18/2018 Books
UBT Library © 2015-2024. All rights reserved University Education for Business and Technology